1127 1044 1124 1248 1127 1986 1066 1978 1703 1527 1664 1977 1497 1738 1036 1287 1190 1461 1078 1397 1556 1012 1879 1000 1066 1653 1790 1650 1949 1100 1615 1149 1720 1120 1320 1003 1899 1499 1005 1359 1026 1803 1641 1102 1840 1575 1591 1259 1335 1108 1897 1532 1128 1573 1530 1206 1944 1371 1462 1174 1677 1755 1474 1578 1394 1464 1800 1085 1026 1062 1590 1112 1278 1119 1958 1040 1043 1902 1811 1326 1166 1495 1786 1894 1238 1369 1224 1362 1965 1242 1775 1556 1079 1334 1937 1093 1450 1068 1168 BCNSPRNW ULIB Ver.6.0+V

เปลี่ยนเป็นภาษาไทย

Change to English
 แสดงรายละเอียดบรรณานุกรม
  กลับหน้าหลัก

Brief Record : Get Marc (ISO 2709) : E-mail record : QR code < ปิดหน้าต่าง
LEADER : 00000nam 2200000uu 4500
001    13399113097
003     ULIB
008    110926s2543||||th 000 0 tha d
020    9746252755
050 04 PL4158^bน625ห 2543
100 0  นิภาพรรณ ศรีพงษ์
245 10 หลักภาษาไทย /^cนิภาพรรณ ศรีพงษ์
260    นครราชสีมา :^bมหาวิทยาลัยเทคโนโลยีราชมงคลอีสาน นครราชสีมา,^c2543
300    183 หน้า
650    หลักภาษาไทย
945    ^p0^l0^i014895
995    ทศพร
999 ^a ทศพร
รายการนี้ยังไม่มีแท็ก
คุณยังไม่ได้ล็อกอิน คุณสามารถมีกิจกรรมร่วมกับเว็บไซต์ได้ แต่ต้องล็อกอินก่อน ::
  ล็อกอิน

รายการสื่อสารสนเทศ

ลำดับที่ ประเภท เลขเรียก/บาร์โค้ด สถานที่ สถานะ
- ไม่พบข้อมูล -

รายการใกล้เคียง
    ผู้แต่ง [นิภาพรรณ ศรีพงษ์]

    หัวเรื่อง [หลักภาษาไทย]

BibComment


ยังไม่เคยถูกคอมเมนท์

คอมเมนท์ทรัพยากรรายการนี้
  คอมเมนท์: หลักภาษาไทย นิภา..


 Copyright 2026. Bcnsprnw @Library